000 00887nas a2200289 4500
001 BR2016000298
003 BR-BrBNA
005 20231205130042.0
007 ta
008 230509b bl.|||p| |||| 00| 00por d
040 _aBR-BrBNA
_bpor
_cBiblioteca Nacional de Agricultura
041 _a(Pt)
072 _aL73; M12
100 1 _aDias, M.K.R.
100 1 _aNeves, L.R.
100 1 _aMarinho, R. das G.B.
100 1 _aPinheiro, D.A.
100 1 _aTavares-Dias, M.
245 1 _aParasitismo em tambatinga (Colossoma macropomum x Piaractus brachypomus, Characidae)cultivados na Amazônia, Brasil
650 _aPEIXE
650 _aPISCICULTURA
650 _aPARASITO
650 _aDOENÇA ANIMAL
773 0 _tActa Amazônica (Brazil)
_xISSN 0044-5967
_g(Jun 2015), v. 45(2) p. 231-238
_wBR2016000298
909 _a202311
_bLúcia
_c55
_dLúcia Elande
942 _2AGRIS
_n0
_cANA
999 _c247653
_d247653